000 00613nam a2200217Ia 4500
005 20221019113148.0
008 131103s9999 xx 000 0 und d
020 _a70587973
_cRs 210
040 _aLoreto College
041 _aEnglish
082 _a153.94
_bPRA
100 _aPrasad, Hari Mohan
245 _aOjective English for competitive examinations
_cHari Mohan Prasad
250 _a3rd ed
260 _aNew Delhi
_bTata McGraw-Hill Publishing Company Limited
_c(c) 2005
300 _axvi,B-185p
650 _aAptitude Tests
651 _aCompetitive Examinations
850 _aLCLIB
942 _cBK
999 _c8040
_d58519